LEADER 03058oam 22005414a 450 001 9910136268603321 005 20221206100316.0 035 $a(CKB)3710000000590557 035 $a908250493 035 $a(OCoLC)1104219873 035 $a(MdBmJHUP)muse72995 035 $a(EXLCZ)993710000000590557 100 $a20150424h20152015 uy 0 101 0 $aeng 135 $aurm|#---||||| 181 $ctxt$2rdacontent 182 $cc$2rdamedia 183 $acr$2rdacarrier 200 10$aMigrating into Financial Markets$eHow Remittances Became a Development Tool /$fMatt Bakker 210 1$aOakland, California :$cUniversity of California Press,$d[2015]. 210 4$dİ2015 215 $a1 online resource (vii, 283 pages) $cPDF, digital file(s) 311 08$aPrint version: 9780520285460 320 $aIncludes bibliographical references (pages 229-254) and index. 327 $aIntroducing the remittances-to-development agenda -- Facts, figures, and the politics of measurement : the construction and diffusion of remittances as a financial flow -- Forging the remittances-to-development nexus : conceptual linkages and political practices -- Bringing remittances into the North American economic integration project : a genealogy of Mexican state-led transnationalism -- From promise to practice : towards financial democracy in North America. 330 $a"We understand very little about the billions of dollars that flow throughout the world from migrants back to their home countries. In this rigorous and illuminating work, Matt Bakker, an economic sociologist, examines how these migrant remittances--the resources of some of the world's least affluent people--have come to be seen in recent years as a fundamental contributor to development in the migrant-sending states of the global South. This book analyzes how the connection between remittances and development was forged through the concrete political and intellectual practices of policy entrepreneurs within a variety of institutional settings, from national government agencies and international development organizations to nongovernmental policy foundations and think tanks"--Provided by publisher. 606 $aEconomic development$zMexico 606 $aEconomic development 606 $aEmigrant remittances$zNorth America 606 $aEmigrant remittances$zMexico 606 $aEmigration and immigration$xEconomic aspects 606 $aEmigrant remittances 607 $aMexico$xEmigration and immigration$xEconomic aspects 608 $aElectronic books. 615 0$aEconomic development 615 0$aEconomic development. 615 0$aEmigrant remittances 615 0$aEmigrant remittances 615 0$aEmigration and immigration$xEconomic aspects. 615 0$aEmigrant remittances. 676 $a332/.04246 700 $aBakker$b Matt$f1971-$0935792 801 0$bMdBmJHUP 801 1$bMdBmJHUP 906 $aBOOK 912 $a9910136268603321 996 $aMigrating into financial markets$92108127 997 $aUNINA LEADER 04370nam 2200793 450 001 9910814329703321 005 20230912154559.0 010 $a1-282-01446-3 010 $a9786612014468 010 $a1-4426-8180-2 024 7 $a10.3138/9781442681804 035 $a(CKB)2420000000004463 035 $a(EBL)4672106 035 $a(SSID)ssj0000303996 035 $a(PQKBManifestationID)11263567 035 $a(PQKBTitleCode)TC0000303996 035 $a(PQKBWorkID)10277855 035 $a(PQKB)11274314 035 $a(CaBNvSL)thg00600262 035 $a(DE-B1597)465000 035 $a(OCoLC)1002222085 035 $a(OCoLC)1004867199 035 $a(OCoLC)1011439635 035 $a(OCoLC)1013936369 035 $a(OCoLC)944177313 035 $a(OCoLC)999354313 035 $a(DE-B1597)9781442681804 035 $a(Au-PeEL)EBL4672106 035 $a(CaPaEBR)ebr11257789 035 $a(CaONFJC)MIL201446 035 $a(OCoLC)288146762 035 $a(VaAlCD)20.500.12592/5jc6j0 035 $a(schport)gibson_crkn/2009-12-01/6/418240 035 $a(MiAaPQ)EBC4672106 035 $a(MdBmJHUP)musev2_105385 035 $a(MiAaPQ)EBC3258033 035 $a(EXLCZ)992420000000004463 100 $a20160923h20022002 uy 0 101 0 $aeng 135 $aur|n|---||||| 181 $ctxt 182 $cc 183 $acr 200 14$aThe National Research Council in the innovation policy era $echanging hierarchies, networks and markets /$fG. Bruce Doern and Richard Levesque 210 1$aToronto, Ontario ;$aBuffalo, New York ;$aLondon, England :$cUniversity of Toronto Press,$d2002. 210 4$dİ2002 215 $a1 online resource (190 p.) 225 1 $aInstitute of Public Administration of Canada Series in Public Management and Governance 300 $aCo-published by the Institute of Public Administration of Canada. 311 $a0-8020-3536-1 320 $aIncludes bibliographical references and index. 327 $tMacro Framework Issues, Historical Context, and Institutional Change --$tFostering Change: Innovation and Institutions as a Dual Analytical Framework --$tThe NRC in Historical Context --$tThe NRC in the Past Decade: A Closer Look at Institutional Change --$tNRC Institutes and Programs: Institutional Change at the Mezzo and Micro Levels of Innovation --$tThe Biotechnology Research Institute --$tThe Institute for Research in Construction --$tThe Herzberg Institute of Astrophysics --$tThe Industrial Research Assistance Program: Advice, Networks, and Money --$tNational and Local Innovation Systems and the NRC's Competitor-Partner Institutions. 330 $aIn this first in-depth examination of the governance of the National Research Council of Canada (NRC) in over twenty-five years, G. Bruce Doern and Richard Levesque show how the agency's history is interwoven with the evolution of Canada's economic and industrial development and with the fostering of science at Canada's universities, in industry, and within the federal government. Using a policy and institutional approach, the authors demonstrate the ways in which the NRC has had to simultaneously absorb significant budgetary and personnel cuts and become, in its own structure and operations, an innovating institution that helps support and facilitate an innovating Canadian economy - one increasingly characterized by knowledge-based industries. By reconfiguring itself in terms of its institutional mix of hierarchies, networks, and markets, the NRC has had to confront and change its own traditions, yet maintain itself as a complex government agency that still values research for its own sake as a public good. 410 0$aInstitute of Public Administration of Canada series in public management and governance. 606 $aPOLITICAL SCIENCE / Public Affairs & Administration$2bisacsh 608 $aHistory. 608 $aElectronic books. 615 7$aPOLITICAL SCIENCE / Public Affairs & Administration. 676 $a352.7/45 700 $aDoern$b G. Bruce$0901610 702 $aLevesque$b Richard$f1970- 712 02$aInstitute of Public Administration of Canada. 801 0$bMiAaPQ 801 1$bMiAaPQ 801 2$bMiAaPQ 906 $aBOOK 912 $a9910814329703321 996 $aThe National Research Council in the innovation policy era$94003029 997 $aUNINA